| 000 | 01064cam a2200193 4500 | ||
|---|---|---|---|
| 001 | WB3937-19 | ||
| 008 | 031002n2003 000 0 eng u | ||
| 035 | _a(Sirsi) u123812 | ||
| 245 | _aLondon's industrial capacity under scrutiny | ||
| 260 | _c2003 | ||
| 490 |
_aGLA Press Release _v(399) 30 September 2003 (2) |
||
| 520 | _aThe Mayor of London has published draft supplementary planning guidance on the management of industrial land in London. It gives advice on the management of the supply of industrial land to meet the demands of industry and outlines how surplus land can be freed for other uses. Comments on the consultation document must be received by 2 January 2004. Copies of the document are available from http://www.london.gov.uk/mayor/strategies/sds/industrial_capacity.jsp. http://www.london.gov.uk/view_press_release.jsp?releaseid=1993 | ||
| 590 | _aWB | ||
| 650 | _aLONDON | ||
| 650 | _aINDUSTRIAL DEVELOPMENT | ||
| 650 | _aCONSULTATION DOCUMENTS | ||
| 690 | _aENVIRONMENTAL AND LAND CONSULTANCY-PLANNING AND DEVELOPMENT | ||
| 942 | _n0 | ||
| 999 |
_c73530 _d73530 |
||